Normal view MARC view
  • Muhammad Ehtisham Hassan

Entry Personal Name

Number of records used in: 1

001 - CONTROL NUMBER

  • control field: 69496

003 - CONTROL NUMBER IDENTIFIER

  • control field: NUST

005 - DATE AND TIME OF LATEST TRANSACTION

  • control field: 20210628204234.0

008 - FIXED-LENGTH DATA ELEMENTS

  • fixed length control field: 210628|| aca||aabn | a|a d

040 ## - CATALOGING SOURCE

  • Original cataloging agency: NUST
  • Transcribing agency: NUST

100 ## - HEADING--PERSONAL NAME

  • Personal name: Muhammad Ehtisham Hassan

670 ## - SOURCE DATA FOUND

  • Source citation: Work cat.: (NUST): Muhammad Ehtisham Hassan , TH-SOF-1538-A STUDY OF FACTOR EFFECTINGTURNOVER INTENTION OF FAC, 2018
© 2023 Central Library, National University of Sciences and Technology. All Rights Reserved.